| 000 | 01162cam a2200337Ma 4500 | ||
|---|---|---|---|
| 001 | 10239506 | ||
| 005 | 20170105102850.0 | ||
| 008 | 121130s2013 stka b 001 0 eng d | ||
| 020 | _a9780748646944 (hardback) | ||
| 020 | _a0748646949 (hardback) | ||
| 024 | _a40022121417 | ||
| 035 |
_a(OCoLC)820779668 _z(OCoLC)794366454 |
||
| 035 | _a(OCoLC)ocn820779668 | ||
| 035 | _a(NNC)10239506 | ||
| 040 |
_aUKMGB _beng _cUKMGB _dOCLCO _dBTCTA _dYDXCP _dNhCcYBP |
||
| 050 | 4 |
_aJN94.A91 _bM87 2013 |
|
| 082 | 0 | 4 |
_a323.042088297 _223 |
| 245 | 0 | 0 |
_aMuslim political participation in Europe / _cedited by Jørgen S. Nielsen. |
| 260 |
_aEdinburgh : _bEdinburgh University Press, _cc2013. |
||
| 300 |
_aviii, 347 p. : _bill. ; _c24 cm. |
||
| 504 | _aIncludes bibliographical references and index. | ||
| 650 | 0 |
_aMuslims _xPolitical activity _zEurope, Western. |
|
| 650 | 0 |
_aIslam and politics _zEurope, Western. |
|
| 650 | 0 |
_aMuslims _zEurope, Western _xPolitics and government. |
|
| 650 | 0 |
_aPolitical participation _zEurope, Western. |
|
| 700 | 1 | _aNielsen, Jørgen. | |
| 942 |
_2ddc _cBK |
||
| 948 | 1 |
_a20130415 _bc _cybp22 _dMPS |
|
| 949 | _i0073202614 | ||
| 999 |
_c14253 _d14253 |
||